| 000 | 00894nam a2200217Ia 4500 | ||
|---|---|---|---|
| 999 |
_c38222 _d38222 |
||
| 003 | GCL | ||
| 005 | 20240530103306.0 | ||
| 008 | 140319s1993 ua 000 0 ara d | ||
| 040 |
_aGCL / _cGCL |
||
| 082 | 0 | 4 |
_a940.18 _bس ح |
| 100 | 1 | _aسميث، جوناثان ريلى | |
| 245 | 1 | 0 |
_aالحملة الصليبية الاولى وفكرة الحروب الصليبية / _cجوناثا ريلى سميث ؛ ترجمة محمد فتحى الشاعر |
| 260 |
_aالقاهرة : _bالهيئة المصرية العامة للكتاب، _c1993. |
||
| 300 |
_a175 ص ؛ _c24 سم |
||
| 490 | 0 |
_aالالف كتاب الثانى ؛ _x129. |
|
| 650 | 0 | 4 | _aالحروب الصليبية |
| 650 | 0 | 4 | _aاوربا - تاريخ - العصور الوسطى |
| 650 | 0 | 4 | _aالحملة الصليبية الاولى |
| 700 | 0 |
_aمحمد فتحى الشاعر _eمترجم |
|
| 942 |
_2ddc _cBK |
||